00379pam a2200133a 44500008004100000041000800041100001900049245007100068260004200139300001200181650002400193906000900217999001900226230405s2023 xxu||||| |||| 00| 0 eng d aENG aShirohi J.P.S. aProfessional Ethics, Accountancy For Lawyers & Bench Bar Relations aAllahabadbAllahabad Law Agencyc2023 a1-802p. aPROFESSIONAL ETHICS a3784 c274758d274758